| 000 | 00900nam a22001817a 4500 | ||
|---|---|---|---|
| 008 | 100706s1962 xxu||||| |||| 00| 0 ara d | ||
| 082 |
_222 _a320.01 _bهـ ا ل |
||
| 100 | 1 |
_915949 _aهال ، لويس |
|
| 245 |
_aالناس والأمم : _bبحث في أصول الفلسفة السياسية / _cلويس هال ؛ ترجمة محمد فتحى الشنيطى |
||
| 260 |
_aالقاهرة : _bمؤسسة سجل العرب ، _c1962. |
||
| 300 |
_a264 ص : _c24 سم. |
||
| 504 | _aيحتوى على ارجاعات ببليوجرافية | ||
| 541 |
_aألف باء ؛ _cشراء ؛ |
||
| 650 |
_915952 _aفلسفة سياسية |
||
| 700 |
_915950 _aالشنيطى ، محمد فتحى _eترجمة |
||
| 942 |
_2ddc _cBB |
||
| 999 |
_c14395 _d14395 |
||